000 00597nam a22002177a 4500
005 20140310183631.0
008 131118b xxu||||| |||| 00| 0 eng d
020 _a9780071754873
050 _aQC 21.3
_b.H447 2012
100 _aHecht, Eugene.
245 _aCollege physics /
_cEugene Hecht, F Bueche.
250 _a11th ed.
260 _aNew York :
_bMcGraw-Hill,
_c2012.
300 _ax, 513 p. :
_bill. ;
_c28 cm.
500 _aIncludes Index.
521 _aEDU
650 _aPhysics.
650 _aPhysics
_xProblems, exercises, etc.
942 _2lcc
_cBK
_kFOR
999 _c25597
_d25597